najbardziej podobne powierzchniowo kraje - Statystyki

Ogólne statystyki
  • Ten quiz został rozwiązany 15 razy
  • Średni wynik to 2 z 15
Statystyki odpowiedzi
państwo państwo z najbardziej podobną powierzchnią % Poprawnych
polska oman
100%
łotwa litwa
30%
ukraina republika środkowoafrykańska
20%
hiszpania tajlandia
20%
włochy filipiny
10%
rumunia ghana
10%
niemcy kongo
10%
francja somalia
10%
litwa sri lanka
10%
dania estonia
0%
kosowo jamajka
0%
bośnia i chercegowina kostaryka
0%
grecja nikaragua
0%
czechy panama
0%
austria zjednoczone emiraty arabskie
0%
Nie znaleziono quizów pasujących do podanych kryteriów
Rozkład punktacji
Procent ludzi z każdym wynikiem
Percentyl według liczby udzielonych odpowiedzi
Twoja historia wyników
Nie rozwiązałeś tego quizu